[Event "POL-ChT3"]
[Site "Lazy POL"]
[Date "2012.09.01"]
[Round "1"]
[White "Gralka, Przemyslaw"]
[Black "Wisniewski, Adam"]
[Result "1/2-1/2"]
[WhiteElo "2289"]
[BlackElo "1956"]
[EventDate "2012.09.01"]

1.d4 Nf6 2.Nf3 g6 3.Bf4 Bg7 4.e3 O-O 5.Be2 d6 6.h3 c5 7.Nbd2 cxd4 8.exd4 
Nc6 9.Bh2 e5 10.dxe5 dxe5 11.Nc4 e4 12.Nfe5 Nd5 13.Nxc6 bxc6 14.O-O Qg5 
15.Qc1 Qxc1 16.Raxc1 Ba6 17.Rfe1 f5 18.c3 Rad8 19.Kf1 Bh6 20.Rcd1 Bf4 21.
Kg1 Kg7 22.Bf1 Bxh2+ 23.Kxh2 Bxc4 24.Bxc4 Nb6 25.Bb3 Kf6 26.f3 exf3 27.
gxf3 Kg5 28.Kg3 f4+ 29.Kf2 Rxd1 30.Rxd1 Rf6 31.a4 a5 32.Rd8 Kh4 33.Rb8 c5 
34.Rb7 h5 35.Rc7 c4 36.Bc2 Nd5 37.Rc5 Ne3 38.Be4 Rb6 39.Rb5 Rd6 40.Ke2 Nd1
41.Bc2 Ne3 42.Be4 Nd1 43.Bc2 Ne3 44.Be4 1/2-1/2

[Event "POL-ChT3"]
[Site "Lazy POL"]
[Date "2012.09.01"]
[Round "1"]
[White "Paprocka, Renata"]
[Black "Wesolowska, Edyta"]
[Result "1/2-1/2"]
[WhiteElo "1985"]
[BlackElo "1951"]
[EventDate "2012.09.01"]

1.d4 d5 2.c4 e6 3.Nc3 Nf6 4.Nf3 c6 5.Bg5 Be7 6.e3 O-O 7.Rc1 Nbd7 8.Bd3 
dxc4 9.Bxc4 Nd5 10.Bxe7 Qxe7 11.O-O Nxc3 12.Rxc3 e5 13.dxe5 Nxe5 14.Nxe5 
Qxe5 15.Qc2 Rd8 16.Rd1 Bg4 17.Be2 Rxd1+ 18.Qxd1 Bxe2 19.Qxe2 Qa5 20.Ra3 
Qd5 21.Qd3 Qc5 22.Qd2 Qc4 23.Rxa7 Rf8 24.h3 Qb5 25.Ra3 h6 26.Rd3 Qg5 27.
Rd7 Ra8 28.a3 Qb5 29.Qd4 c5 30.Qd5 Qxb2 31.Rxb7 Qa1+ 32.Kh2 Qf6 33.Qxc5 
Qxf2 34.Ra7 Re8 35.Re7 Rd8 36.Qc4 Rd1 37.Qf4 Qg1+ 38.Kg3 Qe1+ 39.Qf2 Qxf2+
40.Kxf2 Kf8 41.Ra7 Ra1 42.h4 h5 43.Kf3 Rf1+ 44.Ke2 Ra1 45.g3 Rg1 46.Kf2 
Ra1 47.a4 Ra2+ 48.Kf3 Ra1 49.a5 g6 50.a6 Kg7 51.g4 hxg4+ 52.Kxg4 Ra4+ 53.
Kf3 Rxh4 54.Rb7 Ra4 55.a7 g5 56.e4 Kf6 57.Kg3 Ra3+ 58.Kg4 Ra4 59.Kf3 Ra3+ 
60.Kg4 Ra4 1/2-1/2

[Event "POL-ChT3"]
[Site "Lazy POL"]
[Date "2012.09.01"]
[Round "1"]
[White "Matuszewski, Michal"]
[Black "Mickiewicz, Piotr"]
[Result "1-0"]
[WhiteElo "2368"]
[BlackElo "2363"]
[EventDate "2012.09.01"]

1.d4 d5 2.c4 dxc4 3.e4 Nc6 4.Nf3 Bg4 5.d5 Ne5 6.Bf4 Ng6 7.Be3 Nf6 8.Nc3 e5
9.Bxc4 Nh4 10.Bf1 a6 11.Bg5 Nxf3+ 12.gxf3 Bd7 13.Bd3 h6 14.Bd2 Nh5 15.Ne2 
Bd6 16.f4 Nxf4 17.Nxf4 exf4 18.Bc3 Qg5 19.Qc2 O-O 20.O-O-O Be5 21.Rhg1 Qf6
22.h4 Rfe8 23.Kb1 Bxc3 24.Qxc3 Qxc3 25.bxc3 Re5 26.Kc1 g6 27.Kd2 Kf8 28.
Rb1 Ra7 29.c4 c5 30.Rb6 Rh5 31.Rh1 Ke7 32.Be2 Re5 33.h5 g5 34.Rxh6 Rxe4 
35.Bd3 Rd4 36.Re1+ Kf8 37.Re5 b5 38.Kc3 bxc4 39.Bc2 g4 40.Rb6 Ra8 41.h6 g3
42.fxg3 fxg3 43.h7 Kg7 44.Rg5+ Kh8 45.Rxg3 Bg4 46.Rc6 f5 47.Rxc5 Rf4 48.d6
Rb8 49.d7 Kxh7 50.Rxg4 Rf3+ 51.Kxc4 Kh6 52.Bxf5 1-0

[Event "POL-ChT3"]
[Site "Lazy POL"]
[Date "2012.09.01"]
[Round "1"]
[White "Khamidov, Komil"]
[Black "Tobolski, Jakub"]
[Result "0-1"]
[WhiteElo "2113"]
[BlackElo "2089"]
[EventDate "2012.09.01"]

1.e4 e5 2.Nf3 Nc6 3.Bc4 Nf6 4.Ng5 d5 5.exd5 Na5 6.Bb5+ c6 7.dxc6 bxc6 8.
Be2 h6 9.Nf3 e4 10.Ne5 Bd6 11.d4 exd3 12.Nxd3 Qc7 13.b3 O-O 14.Bb2 Ne4 15.
Nc3 f5 16.h3 Ba6 17.O-O Rad8 18.Qe1 Rfe8 19.Kh1 Re7 20.Nxe4 fxe4 21.Nc1 
Bc8 22.Bc3 Nb7 23.Bc4+ Kh7 24.Ne2 Rf8 25.Nd4 Qd7 26.Qe2 Bb8 27.Qg4 Qe8 28.
Qe2 c5 29.Bb5 Bd7 30.Bxd7 Qxd7 31.Nb5 Rf3 32.Kg1 a6 33.gxf3 Qxh3 34.f4 Re6
35.f3 Rg6+ 36.Kf2 Qh4+ 37.Ke3 Qxf4+ 38.Kf2 Qg3+ 39.Ke3 Bf4+ 40.Kxe4 Re6+ 
41.Kd3 c4+ 42.bxc4 Qg6+ 43.Qe4 Nc5+ 0-1

[Event "POL-ChT3"]
[Site "Lazy POL"]
[Date "2012.09.01"]
[Round "1"]
[White "Matuszczyk, Przemyslaw"]
[Black "Kulas, Szymon"]
[Result "1-0"]
[WhiteElo "2067"]
[BlackElo "2059"]
[EventDate "2012.09.01"]

1.e4 c5 2.b3 d6 3.Bb2 e5 4.Bc4 Nf6 5.Nc3 Be7 6.Nge2 O-O 7.d3 Nc6 8.O-O Be6
9.f4 Ng4 10.Bc1 Bxc4 11.bxc4 exf4 12.Bxf4 Nge5 13.Rb1 b6 14.Ng3 Bg5 15.Qh5
Bxf4 16.Rxf4 Ng6 17.Rf2 Qh4 18.Qd1 Nce5 19.Nf5 Qg5 20.Nd5 Ng4 21.Rf3 N6e5 
22.Rg3 g6 23.Rxg4 Nxg4 24.Qxg4 Qxg4 25.Nh6+ Kg7 26.Nxg4 f5 27.Nge3 Rae8 
28.exf5 gxf5 29.g3 h5 30.Rf1 Re5 31.Rf4 Kg6 32.Kf2 Kg5 33.Ng2 Rfe8 34.Nde3
a6 35.a4 b5 36.axb5 axb5 37.cxb5 d5 38.c3 d4 39.cxd4 cxd4 40.Rxd4 Rxb5 41.
Rd5 Rxd5 42.Nxd5 Ra8 43.h4+ Kh6 44.Nge3 1-0

[Event "POL-ChT3"]
[Site "Lazy POL"]
[Date "2012.09.01"]
[Round "1"]
[White "Perdek, Miroslaw"]
[Black "Wolynski, Krzysztof"]
[Result "1-0"]
[WhiteElo "2236"]
[BlackElo "2056"]
[EventDate "2012.09.01"]

1.e4 e6 2.d4 d5 3.Nd2 Nf6 4.Bd3 c5 5.e5 Nfd7 6.c3 Nc6 7.Ne2 cxd4 8.cxd4 f6
9.exf6 Nxf6 10.Nf3 Bd6 11.O-O Qc7 12.Bg5 O-O 13.Rc1 Bd7 14.Bh4 Be8 15.Ng5 
Qd7 16.f4 Bh5 17.Qd2 Bxe2 18.Qxe2 Nxd4 19.Qe3 Nf5 20.Qh3 Nxh4 21.Qxh4 h6 
22.Rce1 Rae8 23.Bg6 Re7 24.Qh3 e5 25.Bf5 Qc6 26.Be6+ Kh8 27.fxe5 Bc5+ 28.
Kh1 Nh7 29.Rxf8+ Nxf8 30.Nf7+ Kh7 31.Qd3+ g6 32.Bxd5 Qe8 33.Rf1 Ne6 34.
Bxe6 Rxe6 35.Qh3 Kg8 36.Nxh6+ Kg7 37.Ng4 g5 38.Nf6 Qb5 39.Qh7+ Kf8 40.Rd1 
Rxf6 41.Rd8+ 1-0

[Event "POL-ChT3"]
[Site "Lazy POL"]
[Date "2012.09.01"]
[Round "1"]
[White "Cichy, Kamil"]
[Black "Piotrowski, Przemyslaw"]
[Result "0-1"]
[WhiteElo "1992"]
[BlackElo "1965"]
[EventDate "2012.09.01"]

1.e4 c5 2.Nf3 d6 3.Bb5+ Bd7 4.Bxd7+ Qxd7 5.O-O Nc6 6.c3 Nf6 7.Re1 e6 8.d4 
cxd4 9.cxd4 d5 10.e5 Ne4 11.Nbd2 Nxd2 12.Bxd2 Be7 13.a3 O-O 14.Rc1 b5 15.
b4 a5 16.Qe2 Rfb8 17.Rb1 axb4 18.axb4 Ra4 19.Rb3 Nxb4 20.Reb1 Nc2 21.Qd3 
Na3 22.Ra1 Rba8 23.Ng5 Bxg5 24.Bxg5 Nc4 25.Rab1 Qa7 26.Rxb5 Na3 27.Rb7 
Nxb1 28.Rxa7 R4xa7 29.h4 Na3 30.Qg3 Kh8 31.Qf4 Kg8 32.Qg3 Kh8 33.Qf4 Nb5 
34.h5 Nc3 35.Kh2 h6 36.Bf6 Kh7 37.Bxg7 Kxg7 38.Qg3+ Kh7 39.Qxc3 Rg8 40.
Qd3+ Kh8 41.Qe3 Rg5 42.Qf3 Rf5 43.Qe2 Ra4 44.Qb2 Rxh5+ 45.Kg1 Kg7 46.g3 
Rg5 47.Kg2 h5 48.Kh3 Rg4 49.f4 Rc4 50.Qd2 Ra4 51.Qb2 Ra8 52.Qb4 Ra1 53.Kh2
Ra2+ 54.Kh3 Rg6 55.Qc5 Rf2 56.Qc3 h4 57.gxh4 Rf1 58.Kh2 Rxf4 59.Kh3 Rgg4 
0-1

[Event "POL-ChT3"]
[Site "Lazy POL"]
[Date "2012.09.01"]
[Round "1"]
[White "Poznanska, Katarzyna"]
[Black "Krupa, Anna"]
[Result "1-0"]
[WhiteElo "2086"]
[BlackElo "1888"]
[EventDate "2012.09.01"]

1.e4 c5 2.Nf3 d6 3.d4 cxd4 4.Nxd4 Nf6 5.f3 a6 6.c4 Nc6 7.Nc3 g6 8.Be3 Bg7 
9.Qd2 Bd7 10.Be2 O-O 11.O-O Nxd4 12.Bxd4 Bc6 13.b4 b6 14.Rfd1 Nd7 15.Rac1 
Bxd4+ 16.Qxd4 Qb8 17.Nd5 Bxd5 18.exd5 a5 19.a3 axb4 20.axb4 Ra2 21.Bd3 Qa7
22.Re1 Re8 23.f4 Rd2 24.Ra1 Ra2 25.Rxa2 Qxa2 26.Qc3 Qa7 27.Ra1 Qc7 28.Qa3 
Rb8 29.Qa7 Rb7 30.Qa6 Nf6 31.Qa2 Ng4 32.h3 Nf6 33.Kh1 Nh5 34.Qf2 Ra7 35.
Rf1 Ra3 36.Rd1 Qa7 37.f5 Ra1 38.Bb1 Ra3 39.fxg6 hxg6 40.Kh2 Nf6 41.Re1 Rb3
42.Qd2 Kg7 43.Bc2 Rb2 44.Re2 Qa2 45.Qd3 Rxb4 46.Rxe7 Qxc4 47.Qxg6+ 1-0

[Event "POL-ChT3"]
[Site "Lazy POL"]
[Date "2012.09.01"]
[Round "1"]
[White "Sopur, Lech"]
[Black "Paprocki, Jaroslaw"]
[Result "0-1"]
[WhiteElo "2423"]
[BlackElo "2224"]
[EventDate "2012.09.01"]

1.b3 d5 2.Bb2 Nf6 3.e3 c6 4.Nf3 Bg4 5.h3 Bxf3 6.Qxf3 Nbd7 7.d3 e6 8.Nd2 
Bd6 9.g4 O-O 10.Bg2 a5 11.a4 Ne8 12.Qe2 Ne5 13.O-O Ng6 14.f4 e5 15.f5 Nh4 
16.e4 Bc5+ 17.Kh1 d4 18.Bc1 g5 19.Nf3 Nxf3 20.Rxf3 f6 21.h4 h6 22.Rh3 Ng7 
23.Bf3 Kf7 24.Qh2 Ke8 25.hxg5 hxg5 26.Rh7 Qe7 27.Qh6 Rf7 28.Qg6 Kd7 29.Bd2
Raf8 30.Kg2 b6 31.Rah1 Ne8 32.Bd1 Bb4 33.Bc1 Nd6 34.R1h6 Rxh7 35.Rxh7 Rf7 
36.Rh6 Kc7 37.Kg3 b5 38.Kg2 bxa4 39.bxa4 Kd7 40.Qh5 c5 41.Kf3 Kc7 42.Qg6 
Qd7 43.Ke2 c4 44.Qg8 Qe8 45.Qxe8 Nxe8 46.dxc4 Nd6 47.Kf3 Nb7 48.c5 Nxc5 
49.Be2 Nxa4 50.Bc4 Rf8 51.Ke2 Nb6 52.Ba2 Na4 53.Bc4 Nc5 54.Bd5 a4 55.Rh3 
Kb6 56.Kd1 Ka5 57.Rh6 a3 58.Ke2 Na4 59.Kd3 Rc8 60.Bb3 Nc5+ 61.Kc4 Nxb3+ 
0-1

[Event "POL-ChT3"]
[Site "Lazy POL"]
[Date "2012.09.01"]
[Round "1"]
[White "Lewandowski, Krzysztof"]
[Black "Rawski, Slawomir"]
[Result "0-1"]
[WhiteElo "2136"]
[BlackElo "2185"]
[EventDate "2012.09.01"]

1.d4 Nf6 2.c4 e6 3.Nf3 d5 4.Nc3 c6 5.e3 Nbd7 6.Qc2 a6 7.b3 Bd6 8.Bd3 e5 9.
cxd5 cxd5 10.e4 exd4 11.Nxd5 Nxd5 12.exd5 Nc5 13.O-O Nxd3 14.Qxd3 O-O 15.
Ng5 f5 16.Qxd4 Re8 17.Nf3 Re4 18.Qd3 Bd7 19.a4 Qf6 20.Ba3 Bxa3 21.Rxa3 Rc8
22.Raa1 Rc3 23.Qd1 Rb4 24.Rb1 f4 25.h3 Qg6 26.Ne5 Qd6 27.Re1 Bf5 28.Rb2 
Be4 29.Ree2 Qxe5 30.d6 Rd4 0-1

[Event "POL-ChT3"]
[Site "Lazy POL"]
[Date "2012.09.01"]
[Round "1"]
[White "Tabaczka, Jerzy"]
[Black "Kanarkiewicz, Michal"]
[Result "0-1"]
[WhiteElo "1855"]
[BlackElo "2096"]
[EventDate "2012.09.01"]

1.c4 g6 2.Nc3 Bg7 3.g3 c5 4.Bg2 Nc6 5.e3 e6 6.Nge2 Nge7 7.d4 cxd4 8.Nxd4 
a6 9.O-O Qc7 10.b3 O-O 11.Ba3 Rd8 12.Rc1 d6 13.Ne4 Nxd4 14.exd4 Nf5 15.d5 
Qa5 16.dxe6 Qxa3 17.exf7+ Kh8 18.c5 Be6 19.g4 dxc5 20.Qe1 Nh6 21.Nxc5 Bxf7
22.Bxb7 Rab8 23.Bxa6 Bd4 24.g5 Ng4 25.Qe4 Nxf2 26.Qg2 0-1

[Event "POL-ChT3"]
[Site "Lazy POL"]
[Date "2012.09.01"]
[Round "1"]
[White "Zdrojewski, Wojciech"]
[Black "Marchel, Agnieszka"]
[Result "1-0"]
[WhiteElo "2166"]
[BlackElo "1995"]
[EventDate "2012.09.01"]

1.d4 d5 2.Nf3 f5 3.c4 e6 4.Nc3 Nf6 5.Bf4 Bd6 6.Bxd6 Qxd6 7.e3 c6 8.Ne5 
Nbd7 9.f4 O-O 10.Be2 Ne4 11.O-O Nxe5 12.fxe5 Nxc3 13.bxc3 Qe7 14.a4 Bd7 
15.a5 Rad8 16.Qd2 Kh8 17.Rab1 Bc8 18.Kh1 Qc7 19.Qa2 g5 20.Rf2 Qg7 21.Qd2 
g4 22.Rf4 Qg5 23.Qc2 Rg8 24.cxd5 Rxd5 25.Qa2 Qd8 26.Ra1 b6 27.axb6 axb6 
28.Qb3 b5 29.c4 bxc4 30.Bxc4 Ra5 31.Raf1 Rg6 32.e4 Rh6 33.exf5 exf5 34.Qb8
Kg7 35.Rxf5 Rxh2+ 36.Kxh2 Qh4+ 37.Kg1 g3 38.Rf7+ Kg6 39.Qd6+ 1-0

[Event "POL-ChT3"]
[Site "Lazy POL"]
[Date "2012.09.01"]
[Round "1"]
[White "Lewandowska, Anika"]
[Black "Maszota, Natalia"]
[Result "1-0"]
[WhiteElo "1937"]
[BlackElo "2116"]
[EventDate "2012.09.01"]

1.d4 c5 2.d5 d6 3.e4 g6 4.f4 Bg7 5.Nf3 Nf6 6.Nbd2 Bh6 7.g3 O-O 8.c4 Qa5 9.
Qc2 Na6 10.Ke2 Bg7 11.a3 e6 12.dxe6 Bxe6 13.h3 Nb4 14.Qb1 Nc6 15.Kf2 a6 
16.Qd3 Rad8 17.Rb1 Rfe8 18.g4 d5 19.exd5 Nxd5 20.cxd5 Bxd5 21.Rh2 Ba2 22.
Qc2 1-0

[Event "POL-ChT3"]
[Site "Lazy POL"]
[Date "2012.09.01"]
[Round "1"]
[White "Plonczak, Dominik"]
[Black "Jasnikowski, Zbigniew"]
[Result "1-0"]
[WhiteElo "2169"]
[BlackElo "2367"]
[EventDate "2012.09.01"]

1.Nf3 Nf6 2.c4 g6 3.Nc3 d5 4.cxd5 Nxd5 5.Qc2 Bg7 6.e4 Nb6 7.d4 Bg4 8.Ne5 
Be6 9.Be3 O-O 10.Rd1 Qc8 11.Nf3 Bc4 12.Bxc4 Nxc4 13.Nd5 Nxe3 14.fxe3 Qe6 
15.Nxc7 Rc8 16.Nxe6 Rxc2 17.Nxg7 Rxb2 18.O-O Na6 19.Ng5 Rf8 20.N7e6 fxe6 
21.Nxe6 Rc8 22.Rf3 Rb6 23.d5 Nc5 24.Rc1 Rb5 25.e5 b6 26.d6 exd6 27.exd6 
Rb8 28.Nd4 Rb2 29.Nc6 Ra8 30.e4 Re2 31.e5 Nd7 32.Rff1 Re4 33.Rfe1 Rxe1+ 
34.Rxe1 Re8 35.Ne7+ Kf7 36.e6+ 1-0

[Event "POL-ChT3"]
[Site "Lazy POL"]
[Date "2012.09.01"]
[Round "1"]
[White "Borkowski, Franciszek"]
[Black "Przybylski, Bartosz"]
[Result "1-0"]
[WhiteElo "2318"]
[BlackElo "2102"]
[EventDate "2012.09.01"]

1.e4 c5 2.Nf3 e6 3.d3 Nc6 4.g3 Nge7 5.Bg2 d5 6.Nbd2 g6 7.O-O Bg7 8.Re1 O-O
9.e5 Qc7 10.Qe2 b6 11.c3 Ba6 12.Nf1 h6 13.h4 Rab8 14.Bf4 b5 15.Qd2 Kh7 16.
N1h2 Rb7 17.Ng4 Ng8 18.b4 Qe7 19.a3 Rc8 20.Be3 cxb4 21.axb4 Nb8 22.Ra3 Bf8
23.Rea1 Qc7 24.Bd4 Ne7 25.Bc5 Ng8 26.Bd4 Ne7 27.Nf6+ Kg7 28.g4 Ng8 29.Nxg8
Kxg8 30.Rxa6 Nxa6 31.Rxa6 Kh7 32.g5 h5 33.Nh2 Be7 34.f4 Qd7 35.Nf1 Bd8 36.
Bc5 Bb6 37.Ra1 a5 38.d4 a4 39.Ne3 Re8 40.Qe2 Bc7 41.f5 Bb6 42.f6 Reb8 43.
Bf3 Rh8 44.Qd3 Kg8 45.Ng2 Bxc5 46.dxc5 Qc7 47.Re1 a3 48.Ra1 Qxe5 49.Rxa3 
Kh7 50.Bxh5 Rd8 51.Bf3 Rdd7 52.c6 1-0

[Event "POL-ChT3"]
[Site "Lazy POL"]
[Date "2012.09.01"]
[Round "1"]
[White "Duszczak, Dariusz"]
[Black "Tworzydlo, Piotr"]
[Result "0-1"]
[WhiteElo "2011"]
[BlackElo "2104"]
[EventDate "2012.09.01"]

1.e4 c5 2.c3 Nf6 3.e5 Nd5 4.d4 e6 5.c4 Nb6 6.dxc5 Bxc5 7.Qg4 Kf8 8.Nf3 d6 
9.Bg5 Qc7 10.exd6 Bxd6 11.Be2 Nc6 12.O-O Ne5 13.Nxe5 Bxe5 14.Nc3 Bd7 15.
Rad1 h6 16.Be3 Bxh2+ 17.Kh1 Be5 18.Qh5 g6 19.Qh4 g5 20.Qh5 Be8 21.Nb5 Bxb5
22.cxb5 Nd5 23.Rd2 Kg7 24.Bf3 Nf6 25.Qh3 Rad8 26.Rxd8 Rxd8 27.g3 Qc4 28.
Bxb7 Qxb5 29.Qg2 Qxb2 30.a4 a5 31.Bc6 Qc2 32.Bb5 Rd1 33.Rg1 Nd5 34.Ba7 g4 
35.Kh2 Rxg1 36.Kxg1 Nc3 37.Be8 Ne2+ 38.Kh2 Qf5 0-1

[Event "POL-ChT3"]
[Site "Lazy POL"]
[Date "2012.09.01"]
[Round "1"]
[White "Kolasinski, Krzysztof"]
[Black "Plonczak, Mateusz"]
[Result "1-0"]
[WhiteElo "1978"]
[BlackElo "1965"]
[EventDate "2012.09.01"]

1.Nf3 Nf6 2.c4 g6 3.g3 Bg7 4.Bg2 d6 5.O-O O-O 6.Nc3 e5 7.d3 Nc6 8.Bg5 h6 
9.Bxf6 Bxf6 10.Rb1 a5 11.a3 Bg7 12.Nd2 f5 13.Nd5 Nd4 14.b4 axb4 15.axb4 c6
16.e3 cxd5 17.exd4 dxc4 18.dxe5 dxe5 19.dxc4 e4 20.Qc2 Be6 21.Rfc1 Rc8 22.
Rd1 Qc7 23.c5 Rfd8 24.Nc4 Bd4 25.Qe2 Ra8 26.Rd2 Bc3 27.Rd6 Rxd6 28.Nxd6 
Ra2 29.Qb5 Bd4 30.Qe8+ Kh7 31.Qxe6 Bxf2+ 32.Kh1 Rd2 33.Nc4 Rc2 34.Rd1 Bd4 
35.Rxd4 Rc1+ 36.Bf1 1-0

[Event "POL-ChT3"]
[Site "Lazy POL"]
[Date "2012.09.01"]
[Round "1"]
[White "Zgarda, Jakub"]
[Black "Swierczewski, Marek"]
[Result "0-1"]
[WhiteElo "1876"]
[BlackElo "2135"]
[EventDate "2012.09.01"]

1.Nf3 Nf6 2.b3 c5 3.g3 Nc6 4.Bb2 d6 5.Bg2 e5 6.d3 Be7 7.O-O O-O 8.Nbd2 h6 
9.a4 Be6 10.Rb1 Qd7 11.Nc4 Rab8 12.Nfd2 a6 13.a5 Bd8 14.Ra1 Bc7 15.Bxc6 
Qxc6 16.e4 Rbe8 17.f4 Bh3 18.fxe5 dxe5 19.Rf2 Ng4 20.Rf5 g6 21.Rf3 f5 22.
Qe2 Nf6 23.Qe3 f4 24.gxf4 exf4 25.Qf2 Bg4 26.Rxf4 Bxf4 27.Qxf4 g5 28.Qd6 
Bh3 29.Qxc6 bxc6 30.Re1 Nd5 31.Ba3 Nb4 32.Rc1 Bg4 33.Bxb4 cxb4 34.d4 Rf4 
35.c3 bxc3 36.Rxc3 Rd8 37.h3 Be2 38.Re3 Bxc4 39.Nxc4 Rxd4 40.e5 Rde4 41.
Rd3 Rd4 42.Re3 Rfe4 43.Rf3 Re2 44.Kf1 Ra2 45.Ke1 Re4+ 46.Re3 Rxe3+ 47.Nxe3
Kf7 48.b4 Ke6 49.Ng4 Rb2 50.Nxh6 Rxb4 0-1

[Event "POL-ChT3"]
[Site "Lazy POL"]
[Date "2012.09.01"]
[Round "1"]
[White "Barburzynska, Magdalena"]
[Black "Huchwajda, Katarzyna"]
[Result "1/2-1/2"]
[WhiteElo "1913"]
[BlackElo "1867"]
[EventDate "2012.09.01"]

1.e4 c5 2.Nf3 e6 3.d4 cxd4 4.Nxd4 Nf6 5.Nc3 Nc6 6.Ndb5 Bb4 7.a3 Bxc3+ 8.
Nxc3 O-O 9.Bd3 d5 10.exd5 exd5 11.O-O h6 12.Bf4 a6 13.h3 Re8 14.Re1 Rxe1+ 
15.Qxe1 Be6 16.Rd1 Qa5 17.Qd2 d4 18.Ne4 Nxe4 19.Qxa5 Nxa5 20.Bxe4 f5 21.
Bf3 Rc8 22.b4 Nc6 23.Rd2 Kf7 24.Bxc6 Rxc6 25.Be5 Rc3 26.a4 Rc4 27.Bd6 a5 
28.bxa5 Bd7 29.Be5 Bxa4 30.Rxd4 Rxd4 31.Bxd4 Bxc2 32.h4 1/2-1/2

[Event "POL-ChT3"]
[Site "Lazy POL"]
[Date "2012.09.01"]
[Round "1"]
[White "Najbar, Marcin"]
[Black "Bielinski, Dariusz"]
[Result "1-0"]
[WhiteElo "2199"]
[BlackElo "2215"]
[EventDate "2012.09.01"]

1.e4 c5 2.Nf3 e6 3.d4 cxd4 4.Nxd4 a6 5.Bd3 Bc5 6.Nb3 Be7 7.O-O d6 8.Nc3 
Nf6 9.Kh1 Qc7 10.f4 Nbd7 11.Be3 b5 12.a4 b4 13.Nb1 Bb7 14.N1d2 e5 15.fxe5 
dxe5 16.Qf3 O-O 17.Qg3 Kh8 18.Rf5 g6 19.Rff1 Nh5 20.Qg4 Kg7 21.Nc4 Nc5 22.
Nxc5 Bxc5 23.Bd2 Rad8 24.b3 Rd4 25.Qg5 f6 26.Qh6+ Kh8 27.Rae1 Rf7 28.Bc1 
Bf8 29.Qe3 Bc5 30.Qh6 Rd8 31.Re2 Bf8 32.Qe3 Nf4 33.Ree1 Bc5 34.Qg3 g5 35.
Qg4 h5 36.Qf3 h4 37.Ne3 Bxe3 38.Bxe3 Nxd3 39.cxd3 Kg7 40.Rd1 Qe7 41.h3 Qe6
42.Bc5 a5 43.Qf2 Ba6 44.Qe3 Rfd7 45.Rf5 Rxd3 46.Rxd3 Rxd3 47.Qf2 Rxb3 48.
Bf8+ Kg6 49.Qa7 Qf7 50.Be7 Rb1+ 51.Kh2 Qb3 52.Rxf6+ Kh5 53.Rh6+ Kxh6 54.
Bf8+ 1-0

[Event "POL-ChT3"]
[Site "Lazy POL"]
[Date "2012.09.01"]
[Round "1"]
[White "Sroka, Janusz"]
[Black "Krzywda, Andrzej"]
[Result "0-1"]
[WhiteElo "2109"]
[BlackElo "2153"]
[EventDate "2012.09.01"]

1.e4 g6 2.d3 Bg7 3.Nc3 d6 4.g3 Nf6 5.Bg2 O-O 6.Nge2 c5 7.O-O Nc6 8.h3 Rb8 
9.Be3 b5 10.Qd2 b4 11.Nd1 Bd7 12.f4 Qc7 13.g4 Ne8 14.f5 Ne5 15.Nf4 Bc6 16.
Qf2 a5 17.Qh4 a4 18.Nf2 Qb7 19.Nh1 b3 20.axb3 axb3 21.c3 Ra8 22.Nf2 Ra2 
23.Rab1 c4 24.d4 Nd3 25.N4xd3 cxd3 26.Rfd1 Nf6 27.g5 Nd7 28.fxg6 hxg6 29.
Nxd3 Nb6 30.Nb4 Nc4 31.Bc1 Na3 32.Nxa2 bxa2 33.Ra1 Qb3 34.Rd2 Nc2 35.Rxa2 
Qxa2 36.Rxc2 Qb1 37.Qf2 Ba4 38.Rd2 Qxc1+ 39.Kh2 Bb3 40.h4 Ra8 41.e5 d5 42.
Re2 e6 43.Re1 Qc2 44.Re2 Qf5 45.Qg3 Ra7 46.Bh3 Qb1 47.Qf2 Ra1 48.Bg2 Bc4 
49.Rd2 Qe1 50.Qf4 Qg1+ 51.Kg3 Rf1 52.Rf2 Rxf2 53.Qxf2 Qc1 54.Bh3 Bf8 55.
Bg4 Be7 56.Bh3 Bd3 57.Bg4 Bc2 58.Kh2 Be4 59.Kg3 Bd8 60.Bh3 Qb1 61.Bg4 Qd3+
62.Kh2 Be7 63.Bh3 Qd1 64.Kg3 Bd8 65.Bg4 Qc1 66.Kh2 Bc2 0-1

[Event "POL-ChT3"]
[Site "Lazy POL"]
[Date "2012.09.01"]
[Round "1"]
[White "Malecki, Rafal"]
[Black "Kielbratowski, Aleksander"]
[Result "1-0"]
[WhiteElo "2094"]
[BlackElo "2096"]
[EventDate "2012.09.01"]

1.g3 g6 2.Bg2 Bg7 3.Nf3 Nf6 4.O-O O-O 5.d3 d6 6.e4 Nc6 7.Nbd2 e5 8.c3 Nh5 
9.Nc4 Rb8 10.a4 a6 11.a5 f5 12.exf5 gxf5 13.Ng5 h6 14.Bd5+ Kh8 15.Nf7+ 
Rxf7 16.Bxf7 Nf6 17.Ne3 Qd7 18.Nxf5 Qxf5 19.f4 Kh7 20.fxe5 Qxe5 21.Bf4 Qb5
22.b4 Ne7 23.d4 {zapis nieczytelny} 1-0

[Event "POL-ChT3"]
[Site "Lazy POL"]
[Date "2012.09.01"]
[Round "1"]
[White "Szylko, Waldemar"]
[Black "Zgadzaj, Rafal"]
[Result "0-1"]
[WhiteElo "2023"]
[BlackElo "2153"]
[EventDate "2012.09.01"]

1.e4 d6 2.Nc3 g6 3.g3 Bg7 4.d3 c5 5.Bg2 Nc6 6.Be3 Rb8 7.Qd2 b5 8.h4 h5 9.
Nh3 b4 10.Nd1 Nf6 11.f3 Qc7 12.O-O a5 13.Rb1 Bd7 14.Bg5 Nd4 15.Ne3 e6 16.
Nc4 O-O 17.Rf2 Rfe8 18.Bf4 e5 19.Bg5 Be6 20.Rbf1 d5 21.Nxe5 Bxh3 22.Bxh3 
Qxe5 23.Bf4 Qe7 24.Bxb8 Rxb8 25.c3 Nc6 26.Re2 dxe4 27.dxe4 Rd8 28.Qe1 Ne5 
29.Bg2 Nd3 30.Qb1 c4 31.Qc2 bxc3 32.bxc3 Nd7 33.f4 Nf6 34.Bf3 Qa3 35.e5 
Ng4 36.Bxg4 hxg4 37.Rb1 Qc5+ 38.Kh2 Qc6 39.Re3 Bf8 40.e6 fxe6 41.Qe2 e5 
42.fxe5 Bh6 43.Re4 Nxe5 44.Rb2 Nf3+ 45.Kg2 Nd2 0-1

[Event "POL-ChT3"]
[Site "Lazy POL"]
[Date "2012.09.01"]
[Round "1"]
[White "Sztwiertnia, Jan Krzysztof"]
[Black "Kielek, Andrzej"]
[Result "1-0"]
[WhiteElo "2073"]
[BlackElo "1972"]
[EventDate "2012.09.01"]

1.d4 Nf6 2.c4 e6 3.g3 d5 4.Nf3 Be7 5.Bg2 O-O 6.O-O c5 7.cxd5 Nxd5 8.Nc3 
Nxc3 9.bxc3 Nc6 10.e3 Qc7 11.Qe2 b6 12.Bb2 Bb7 13.e4 Rad8 14.Rfd1 Na5 15.
Ne5 f6 16.Ng4 h5 17.Ne3 h4 18.Qg4 hxg3 19.Qxe6+ Rf7 20.hxg3 Bc8 21.Nd5 
Bxe6 22.Nxc7 Bc4 23.d5 Bd6 24.Ne6 Re8 25.Bc1 Rfe7 26.Bf3 Nb7 27.Bd2 g6 28.
Kg2 Nd8 29.Bf4 Nf7 30.Rh1 Bxf4 31.Nxf4 Kg7 32.Ne6+ Rxe6 33.dxe6 Rxe6 34.
Rhd1 Re7 35.Rd2 Ne5 36.Rad1 Be6 37.Be2 g5 38.f4 Nc6 39.Rd6 Na5 40.R1d2 Bc8
41.fxg5 fxg5 42.R2d5 Rxe4 43.Rxg5+ Kf7 44.Bh5+ Ke7 45.Rh6 Bb7 46.Rg7+ Kd8 
47.Kf2 Bc6 48.Rh8+ Be8 49.Rgg8 1-0

[Event "POL-ChT3"]
[Site "Lazy POL"]
[Date "2012.09.01"]
[Round "1"]
[White "Dziopa, Malgorzata"]
[Black "Hermanowicz, Dominika"]
[Result "0-1"]
[WhiteElo "1792"]
[BlackElo "2076"]
[EventDate "2012.09.01"]

1.d4 d5 2.c4 e6 3.Nc3 c5 4.cxd5 exd5 5.Bf4 Nf6 6.Nf3 Nc6 7.e3 Bg4 8.Be2 c4
9.O-O Qa5 10.Ne5 Bxe2 11.Qxe2 Bb4 12.Rfc1 O-O 13.a3 Bxc3 14.Rxc3 Rac8 15.
Rac1 b5 16.b4 Qa6 17.Qb2 Rfe8 18.Nxc6 Qxc6 19.f3 h6 20.Bg3 Ra8 21.Rb1 Nd7 
22.Qc1 Nb6 23.Rc2 Re6 24.Be1 Rae8 25.Kf2 Qd6 26.g3 h5 27.Re2 h4 28.Bd2 Rh6
29.Qg1 hxg3+ 30.Qxg3 Rxh2+ 0-1

[Event "POL-ChT3"]
[Site "Lazy POL"]
[Date "2012.09.01"]
[Round "1"]
[White "Joachimiak, Roman"]
[Black "Borgula, Rafal"]
[Result "1-0"]
[WhiteElo "2055"]
[BlackElo "2306"]
[EventDate "2012.09.01"]

1.Nf3 Nf6 2.d4 d6 3.g3 g6 4.Bg2 Bg7 5.O-O O-O 6.c3 c6 7.Nbd2 Bf5 8.Re1 d5 
9.Nh4 Be6 10.a4 Qc8 11.a5 Na6 12.Nhf3 c5 13.e4 cxd4 14.Nxd4 Bg4 15.f3 e5 
16.Nc2 Be6 17.exd5 Nxd5 18.Ne4 Rd8 19.Qe2 Nc5 20.Nxc5 Qxc5+ 21.Kh1 a6 22.
Ne3 Ne7 23.Nf1 Bc4 24.Qe3 Qb5 25.Nd2 Bd5 26.b3 Nf5 27.Qf2 Bc6 28.g4 Ne7 
29.Bf1 Qd5 30.Bc4 Qd7 31.Ne4 Nd5 32.Bg5 Ne7 33.Qh4 Re8 34.Rad1 Qc7 35.Nf6+
Bxf6 36.Bxf6 Bxf3+ 37.Kg1 Qc5+ 38.Kf1 h5 39.Rxe5 Qc6 40.Rxh5 gxh5 1-0

[Event "POL-ChT3"]
[Site "Lazy POL"]
[Date "2012.09.01"]
[Round "1"]
[White "Robak, Zbigniew"]
[Black "Markowski, Piotr"]
[Result "1-0"]
[WhiteElo "2235"]
[BlackElo "2174"]
[EventDate "2012.09.01"]

1.e4 e5 2.Nf3 Nf6 3.d4 Nxe4 4.Bd3 d5 5.Nxe5 Nd7 6.Nc3 Nxe5 7.dxe5 Bf5 8.
O-O Bg6 9.Bxe4 dxe4 10.Qe2 Qe7 11.Rd1 c6 12.Bf4 f5 13.Nb5 cxb5 14.Qxb5+ 
Kf7 15.Rd7 1-0

[Event "POL-ChT3"]
[Site "Lazy POL"]
[Date "2012.09.01"]
[Round "1"]
[White "Kozlowski, Tomasz"]
[Black "Konieczynski, Piotr"]
[Result "1-0"]
[WhiteElo "1947"]
[BlackElo "1933"]
[EventDate "2012.09.01"]

1.e4 e6 2.d4 d5 3.Nc3 Bb4 4.e5 c5 5.a3 Bxc3+ 6.bxc3 Qc7 7.f4 Ne7 8.h4 cxd4
9.Rh3 dxc3 10.h5 b6 11.Qg4 Nf5 12.Bd3 g6 13.hxg6 fxg6 14.Nf3 Ba6 15.Bxf5 
exf5 16.Qxg6+ hxg6 17.Rxh8+ Kd7 18.Rh7+ Kc8 19.Rxc7+ Kxc7 20.Be3 Nc6 21.
Kf2 Bc4 22.Rh1 Kd7 23.Rh7+ Ne7 24.Bd4 b5 25.Bxc3 a5 26.Ng5 d4 27.Bxd4 Rc8 
28.c3 Bd5 29.Ke3 Rc4 30.e6+ Bxe6 31.Bf6 Bd5 32.Rxe7+ Kd6 33.Ra7 b4 34.cxb4
axb4 35.axb4 Bxg2 36.Be5+ Kd5 37.Rd7+ Kc6 38.Rc7+ Kb5 39.Rxc4 Kxc4 40.Bd6 
Bd5 41.Nf3 1-0